Internacionalización y partidos políticos en Japón: la crisis del Partido Liberal Demócrata en 1993 y sus secuelas

I tiakina i:
Ngā taipitopito rārangi puna kōrero
Kaituhi matua: Román Zavala, Alfredo
Hōputu: Pukapuka
Reo:Ingarihi
Pāniora
I whakaputaina: Ciudad de México. México El Colegio de México 2011
Putanga:Primera edición
Rangatū:Centro de Estudios de Asia y África
Ngā marau:
Ngā Tūtohu: Tāpirihia he Tūtohu
Kāore He Tūtohu, Me noho koe te mea tuatahi ki te tūtohu i tēnei pūkete!

MARC

LEADER 00000nam a22000007a 4500
003 CL-VaPUC
005 20250203111753.0
008 200225b ||||| |||| 00| 0 eng d
999 |c 416797  |d 416795 
020 |a 9786074622546 
040 |c Pontificia Universidad Católica de Valparaíso 
041 0 |a spa 
082 |a 324.252 ROM 2011 
100 1 |a Román Zavala, Alfredo  |9 719777 
245 1 0 |a Internacionalización y partidos políticos en Japón:  |b  la crisis del Partido Liberal Demócrata en 1993 y sus secuelas 
250 |a Primera edición 
260 3 |a Ciudad de México. México  |b El Colegio de México  |c 2011 
300 |a 367 p 
490 0 |a Centro de Estudios de Asia y África 
505 |a I. La contextualización de los conceptos. II. La administración de la democracia. III. La resistencia ante las presiones. 
583 |c 20200225  |k Daniel Castañeda 
650 0 0 |a Partidos políticos  |9 254999 
650 0 0 |a Historia de Japón  |9 325299 
942 |2 ddc  |c BK 
952 |0 0  |1 0  |2 ddc  |4 0  |6 324_252000000000000_ROM_2011  |7 0  |8 A  |9 551474  |a BIBGIM  |b BIBGIM  |d 2020-02-25  |i 5614422  |o 324.252 ROM 2011  |p 5614422  |r 2025-01-15  |t 1  |w 2020-02-25  |y BK  |k ORI